La civilización puesta a prueba

Spremljeno u:
Bibliografski detalji
Glavni autor: Toynbee, Arnold Joseph (Autor)
Format: Knjiga
Jezik:španjolski
Izdano: Buenos Aires Emecé 1958
Izdanje:4a. ed
Serija:Grandes ensayistas
Teme:
Oznake: Dodaj oznaku
Bez oznaka, Budi prvi tko označuje ovaj zapis!

MARC

LEADER 00000nam a2200000 a 4500
001 UCV9829
003 CL-VaPUC
008 930608e19580000AG |||||||||||||||||spa|d
082 0 4 |a 901  |b TOY  |2 21 
100 0 |a Toynbee, Arnold Joseph  |e author  |9 303833 
245 1 3 |a La civilización puesta a prueba 
250 |a 4a. ed 
300 |a 241 p 
942 |c BK 
945 |d 19930608 00:00:00 
260 |a Buenos Aires  |b Emecé  |c 1958 
650 0 |a Filosofía de la historia  |9 265651 
650 0 |a Civilización   |9 255823 
583 |a last modification  |c 19930608 00:00:00  |k Rodrigo Vera 
490 0 |a Grandes ensayistas 
999 |c 215112  |d 215110 
952 |0 0  |1 0  |4 0  |6 901_000000000000000_TOY_1958  |7 0  |8 P  |9 199097  |a BIBARQ  |b BIBARQ  |d 2019-11-14  |i 2664208  |o 901 TOY 1958  |p 2664208  |r 2025-01-20  |w 2019-11-14  |y BK  |k ARQ